00729nam a2200229 a 4500001001000000003000900010005001700019007000300036008004100039040002500080082002300105100003700128245007600165260005100241300002100292504002100313600005200334650003600386650004800422650001200470700001700482000003994DO-SdBNP20220927101501.0ta861117s1961 xxua 001 0aeng  aDO-SdBNPbspacBNPHU 4a818.303bT488w2221 aThoreau, Henry David,d1817-186210aWalden /cHenry David Thoreau; con comentarios y notas por Larzer Ziff. aNew York :bHolt, Rinehart and Winston,c1961. a332 p. ;c21 cm. aIncluye índice14aThoreau, Henry David,d1817-1862zMassachusetts 4aHistoria naturalzMassachusetts 4aAutores americanosy19th SigloxBiografía 4aSoledad1 aZiff, Larzer